| 000 | 00850nam a2200241Ia 4500 | ||
|---|---|---|---|
| 003 | OSt | ||
| 005 | 20220930080930.0 | ||
| 006 | a|||||r|||| 00| 0 | ||
| 007 | ta | ||
| 008 | 220926b |||||||| |||| 00| 0 eng d | ||
| 024 | _a99937 | ||
| 037 | _cTheses | ||
| 040 |
_aCRL _cCRL _beng |
||
| 041 |
_2eng _aeng |
||
| 100 |
_aMahajan Anubha _9540199 |
||
| 110 |
_aUniversity of Delhi. B. R. Ambedkar Centre for Biomedical Research. B. R. Ambedkar Centre _9540200 |
||
| 245 | 0 | _aBiochemical and genetic studies exploring the functions of human pentraxins and clotting factors | |
| 650 | _aMEDICINE | ||
| 700 |
_a Dr. Pradeep Nahar Gu. _9540201 |
||
| 700 |
_aUniversity of Delhi. B. R. Ambedkar Centre for Biomedical Research. B. R. Ambedkar Centre _9540202 |
||
| 942 |
_cDIS _2CC |
||
| 999 |
_c870677 _d870677 |
||